| 000 | 00341nam a2200109 4500 | ||
|---|---|---|---|
| 245 |
_aCastle : a collection of critical essays _cedited by Peter F. Neumayer |
||
| 710 | _aNeumayer, Peter F. | ||
| 260 |
_aNew Jersey _bPrentice-Hall _cc1969 |
||
| 300 | _aiv,122p. ; 22cm.- | ||
| 490 | _aTwentieth century interpretations | ||
| 082 |
_a833.912 _b KAF/NEU |
||
| 999 |
_c2046 _d2046 |
||